000 00431cam a2200193ua 4500
001 9794
008 160902n ii |||gr||||Z||||||asm
040 _cMAIN
041 _aasm
082 _a398.054162
100 _aGogoi, Lila,
_eAuthor.
245 _aBihu eti samiksha
_cBy Lila Gogoi
250 _a4th ed.
260 _aDibrugarh:
_bBanalata,
_c2010.
300 _a96p.
653 _aFolklore
653 _aBihu
942 _cBK
999 _c8804
_d8804